000 00750nam a2200241 a 4500
001 000044217
003 DO-SdBNP
005 20240412074303.0
007 ta
008 140610s2008 dr a er 001 pdspa d
040 _aDO-SdBNP
_bspa
_cBNPHU
082 4 _aRD861.44
_bG358d
_222
100 1 _aGerardo, Héctor,
_d1963-
_972220
245 1 0 _aDe Eva infinita y otros poemas /
_cHéctor Gerardo.
260 _aSanto Domingo :
_bKarabu,
_c2008
300 _a118 p. :
_bil. ;
_c20 cm.
500 _aIncluye datos biográficos del autor en las solapas de las cubiertas
590 _aInventariado, 2018/LP
650 0 _aPoesía dominicana
_966
650 0 _aLiteratura dominicana.
_967
910 _aValidado. Control de calidad MFF
942 _2ddc
_cLBS1
999 _c43706
_d43706